书目信息 |
| 题名: |
安全与节能驾驶读本
|
|
| 作者: | ;江苏省交通厅 , 江苏省公安厅 编 | |
| 分册: | ||
| 出版信息: | 北京 人民交通出版社 2009 |
|
| 页数: | 173页 | |
| 开本: | 24cm | |
| 丛书名: | ||
| 单 册: | ||
| 中图分类: | U471.15 , U471.23 | |
| 科图分类: | ||
| 主题词: | 汽车--驾驶术--安全技术--教材 , 汽车 , 驾驶术 , 汽车节油--技术培训--教材 , 汽车节油 , 技术培训 | |
| 电子资源: | ||
| ISBN: | 978-7-114-07858-3 | |
| 000 | 01134nam0 2200325 45 | |
| 001 | 1133607531 | |
| 005 | 20110413093957.35 | |
| 010 | @a978-7-114-07858-3@dCNY36.00 | |
| 100 | @a20110406e20112009em y0chiy0120 ea | |
| 101 | 0 | @achi |
| 102 | @aCN@b110000 | |
| 105 | @aa z 000yy | |
| 106 | @ar | |
| 200 | 1 | @a安全与节能驾驶读本@AAn Quan Yu Jie Neng Jia Shi Du Ben@f江苏省交通厅,江苏省公安厅编@FJiang Su Sheng Jiao Tong Ting , Jiang Su Sheng Gong An Ting Bian |
| 210 | @a北京@c人民交通出版社@d2009@h2011 | |
| 215 | @a173页@c彩图@d24cm | |
| 300 | @a江苏省机动车驾驶培训教材 | |
| 330 | @a本书内容包括:驾驶基础知识、基础驾驶操作、场内驾驶、实际道路驾驶、复杂道路交通环境下驾驶知识、高速公路行车知识等。 | |
| 606 | 0 | @a汽车@x驾驶术@x安全技术@j教材 |
| 606 | 0 | @a汽车 |
| 606 | 0 | @a驾驶术 |
| 606 | 0 | @a汽车节油@x技术培训@j教材 |
| 606 | 0 | @a汽车节油 |
| 606 | 0 | @a技术培训 |
| 690 | @aU471.15@v4 | |
| 690 | @aU471.23@v4 | |
| 711 | 02 | @a江苏省交通厅@AJiang Su Sheng Jiao Tong Ting@4编 |
| 711 | 02 | @a江苏省公安厅@AJiang Su Sheng Gong An Ting@4编 |
| 801 | 0 | @aCN@bTANGWEI@c20110413 |
| 905 | @b0535242-46@dU471.15@e212@f5 | |
| 安全与节能驾驶读本/江苏省交通厅,江苏省公安厅编.-北京:人民交通出版社,2009(2011) |
| 173页:彩图;24cm |
| 江苏省机动车驾驶培训教材 |
| ISBN 978-7-114-07858-3:CNY36.00 |
| 本书内容包括:驾驶基础知识、基础驾驶操作、场内驾驶、实际道路驾驶、复杂道路交通环境下驾驶知识、高速公路行车知识等。 |
| ● |
| 相关链接 |
|
|
|
|
正题名:安全与节能驾驶读本
索取号:U471.15/212
 
预约/预借
| 序号 | 登录号 | 条形码 | 馆藏地/架位号 | 状态 | 备注 |
| 1 | 0535242 | 205352429 | 第二样本阅览室/ [索取号:U471.15/212] | 在馆 | |
| 2 | 0535243 | 205352438 | 第三借阅区/ [索取号:U471.15/212] | 在馆 | |
| 3 | 0535244 | 205352447 | 第三借阅区/ [索取号:U471.15/212] | 在馆 | |
| 4 | 0535245 | 205352456 | 第三借阅区/ [索取号:U471.15/212] | 在馆 | |
| 5 | 0535246 | 205352465 | 第三借阅区/ [索取号:U471.15/212] | 在馆 |